[Event "40th Olympiad Open"]
[Site "Istanbul TUR"]
[Date "2012.09.09"]
[Round "11.64"]
[Board "1"]
[White "Melas, Renos"]
[Black "Sidi Mbareck Mohamed"]
[Result "1-0"]
[WhiteElo "2108"]
[BlackElo "1947"]
[WhiteTeam "Cyprus"]
[BlackTeam "Mauritania"]
[WhiteFideId "5900166"]
[BlackFideId "19600186"]
[EventDate "2012.08.28"]

1. d4 Nf6 2. c4 g6 3. Nc3 Bg7 4. e4 d6 5. Be2 O-O 6. Bg5 h6 7. Bf4 c5 8. d5 b5
9. cxb5 a6 10. a4 Qa5 11. Bd2 Qb4 12. Qc2 axb5 13. Bxb5 Ba6 14. f3 c4 15. Nge2
Qc5 16. Qc1 Bxb5 17. Nxb5 Nbd7 18. Bc3 Ne5 19. Bxe5 dxe5 20. Nec3 Nh5 21. g3 f5
22. Rf1 fxe4 23. Nxe4 Qxd5 24. Rf2 Qd3 25. Ra3 Qd5 26. Rd2 Qc6 27. Rc2 g5 28.
Rxc4 Qg6 29. Nc7 Rac8 30. Nd5 Rce8 31. g4 Nf4 32. Rc6 e6 33. Nc7 Rb8 34. a5 Rb4
35. Rc4 Rfb8 36. Rxb4 Rxb4 37. Qc2 Nd5 38. a6 Nxc7 39. Qxc7 Rxe4+ 40. fxe4 Qxe4+
41. Kd2 Qb4+ 42. Kc2 e4 43. Qc8+ Kh7 44. Qb7 Qc4+ 45. Kb1 e3 46. Rxe3 Qf1+ 47.
Ka2 Qc4+ 48. Rb3 Qa4+ 49. Ra3 Qc4+ 50. Qb3 Qc8 51. a7 Qa8 52. Qxe6 Bxb2 53. Kxb2
Qg2+ 54. Kc3 Qf3+ 55. Kb4 Qb7+ 56. Kc5 Qc7+ 57. Qc6 Qe7+ 58. Kb6 Qb4+ 59. Kc7
Qf4+ 60. Qd6 Qc4+ 61. Kd7 Qb5+ 62. Kd8 1-0

[Event "40th Olympiad Open"]
[Site "Istanbul TUR"]
[Date "2012.09.09"]
[Round "11.64"]
[Board "2"]
[White "Taleb Mohamed, Ahmed"]
[Black "Aristotelous, Vassilis"]
[Result "1/2-1/2"]
[WhiteElo "1965"]
[BlackElo "1938"]
[WhiteTeam "Mauritania"]
[BlackTeam "Cyprus"]
[WhiteFideId "19600038"]
[BlackFideId "5900468"]
[EventDate "2012.08.28"]

1. d4 Nf6 2. Nf3 g6 3. c4 Bg7 4. Nc3 O-O 5. e4 d6 6. h3 e5 7. dxe5 dxe5 8. Qxd8
Rxd8 9. Bg5 Re8 10. O-O-O c6 11. Be2 h6 12. Be3 Nbd7 13. Rd2 Bf8 14. Rhd1 Nc5
15. Rd8 Be6 16. Rxa8 Rxa8 17. Nxe5 Ncxe4 18. Nxe4 Nxe4 19. Nd7 Bg7 20. Nc5 Nxc5
21. Bxc5 b6 22. Be3 b5 23. b3 bxc4 24. Bxc4 Bxc4 25. bxc4 a5 26. Rd6 Rc8 27. a4
h5 28. Bb6 Bc3 29. Kc2 Bb4 30. Rd8+ Rxd8 31. Bxd8 Kf8 32. Kd3 Ke8 33. Bg5 Kd7
34. Be3 Ke6 35. g4 hxg4 36. hxg4 f5 37. f3 Be1 38. Bb6 Bb4 39. Bc7 Be1 40. Kd4
Bf2+ 41. Kd3 Be1 42. Bd8 Kd6 43. Kd4 Bf2+ 44. Kd3 Be1 45. Bb6 Ke5 46. Bc7+ Ke6
47. Ke3 Kd7 48. Bb6 Ke6 49. Kd3 Ke5 50. Bc7+ Ke6 51. Kc2 fxg4 52. fxg4 Kf6 53.
Bf4 Ke6 54. Kd3 Bb4 55. Ke4 Bc3 56. Bc7 Kd7 57. Bb6 Ke6 58. Kd3 Be1 59. Ke4 Bc3
60. Be3 Be5 61. Bc5 Bc3 62. Bb6 Kd6 63. Bd8 Kc5 64. Kd3 Be1 65. Be7+ Kb6 66. Ke4
Kc7 67. Ke5 Kd7 68. Bc5 Bc3+ 69. Kf4 Ke6 70. Be3 Bf6 71. Bb6 Bc3 72. Kg5 Kf7 73.
Kf4 Ke6 74. Ke4 Be1 75. Bd8 Kd7 76. Bb6 Ke6 77. Be3 Kd6 78. Kf4 Bh4 79. Bb6 Bf6
80. Ke4 Bc3 81. Be3 Ke6 82. Bf4 Kd7 83. Be5 Be1 84. Kd4 Bf2+ 85. Ke4 Be1 86. Bd4
Ke6 87. Be3 Bc3 88. Bf2 Kd6 89. Bg3+ Ke6 90. Bc7 Kd7 91. Be5 Be1 92. Kd3 Ke6 93.
Bd4 Bb4 94. Ke3 Be1 95. Ke4 Bd2 96. Bb6 Be1 97. Be3 Bc3 98. Kf4 Kf6 99. g5+ Ke6
100. Ke4 Kd6 101. Kd3 Be1 102. Ke4 1/2-1/2

[Event "40th Olympiad Open"]
[Site "Istanbul TUR"]
[Date "2012.09.09"]
[Round "11.64"]
[Board "3"]
[White "Constantinou, Pavlos"]
[Black "Boydia, Sidi"]
[Result "1/2-1/2"]
[WhiteElo "2064"]
[BlackElo "2024"]
[WhiteTeam "Cyprus"]
[BlackTeam "Mauritania"]
[WhiteFideId "5900328"]
[BlackFideId "19600100"]
[EventDate "2012.08.28"]

1. d4 d5 2. c4 c6 3. Nf3 Nf6 4. e3 e6 5. b3 b6 6. Bd3 Be7 7. Bb2 Bb7 8. O-O O-O
9. Nbd2 Nbd7 10. Qe2 c5 11. Rac1 Rc8 12. Rfd1 Bd6 13. e4 dxe4 14. Nxe4 Nxe4 15.
Bxe4 Bxe4 16. Qxe4 Qe7 17. Rc2 Rfd8 18. Rcd2 f6 19. Ba3 Nf8 20. dxc5 bxc5 21. g3
Qc7 22. Kg2 Rd7 23. h4 Rcd8 24. h5 f5 25. Qe2 e5 26. Bb2 e4 27. Nh4 Rf7 28. Be5
Bxe5 29. Rxd8 Bf6 30. R8d5 Bxh4 31. gxh4 Ne6 32. Qd2 Nf4+ 33. Kf1 Nxd5 34. Qxd5
Qh2 35. Qa8+ Rf8 36. Rd8 Qh1+ 37. Ke2 Qf3+ 38. Kf1 Qh1+ 39. Ke2 1/2-1/2

[Event "40th Olympiad Open"]
[Site "Istanbul TUR"]
[Date "2012.09.09"]
[Round "11.65"]
[Board "2"]
[White "Anquandah, Francis Eric"]
[Black "Huguet, Sergio"]
[Result "0-1"]
[BlackTitle "FM"]
[WhiteElo "1992"]
[BlackElo "2094"]
[WhiteTeam "Ghana"]
[BlackTeam "Honduras"]
[WhiteFideId "12600148"]
[BlackFideId "2212552"]
[EventDate "2012.08.28"]

1. e4 c5 2. Nf3 e6 3. d4 cxd4 4. Nxd4 a6 5. Be2 Nf6 6. Nc3 Bb4 7. f3 Qc7 8. Bd2
O-O 9. O-O Qc5 10. Be3 Bxc3 11. Nf5 Qc7 12. Ne7+ Kh8 13. bxc3 d5 14. Nxc8 Rxc8
15. Bd3 Qxc3 16. Qe2 Nbd7 17. Qf2 Ne5 18. Bd4 Nxd3 19. cxd3 Qxd3 20. Rfd1 Qa3
21. Bxf6 gxf6 22. exd5 Qc5 23. Qxc5 Rxc5 24. dxe6 fxe6 25. Rd7 b5 26. Rad1 Rac8
27. R1d6 R5c6 28. Rd4 Rc1+ 29. Kf2 R1c2+ 30. Kg1 Rxa2 31. h3 Rg8 32. Ra7 Raxg2+
33. Kf1 Rg1+ 34. Ke2 R8g2+ 35. Ke3 Re1+ 36. Kd3 Rd1+ 37. Ke3 Rxd4 38. Kxd4 Ra2
39. Kc5 Ra3 40. h4 h5 41. f4 Ra4 42. f5 exf5 43. Rf7 f4 44. Kd5 f3 45. Ke6 Rf4
46. Ke7 f2 47. Kf8 f1=Q 48. Rg7 Qc4 49. Rg6 Qc8+ 50. Kf7 Qd7+ 51. Kf8 Qh7 0-1

[Event "40th Olympiad Open"]
[Site "Istanbul TUR"]
[Date "2012.09.09"]
[Round "11.66"]
[Board "1"]
[White "Rosenbeiger, Alan"]
[Black "Punongbayan, Hexilon Dela Cruz"]
[Result "1/2-1/2"]
[WhiteElo "2151"]
[BlackElo "2091"]
[WhiteTeam "Jersey"]
[BlackTeam "Macau"]
[WhiteFideId "1109448"]
[BlackFideId "15400409"]
[EventDate "2012.08.28"]

1. d4 Nf6 2. Nf3 g6 3. c4 Bg7 4. Nc3 O-O 5. e4 d6 6. Be2 c5 7. d5 Nbd7 8. h3 a6
9. O-O Rb8 10. a4 Qb6 11. Qc2 e5 12. dxe6 fxe6 13. Rd1 Ne8 14. Be3 Ne5 15. Nxe5
Bxe5 16. a5 Qc7 17. Qd2 Qf7 18. g3 Bd7 19. f4 Bg7 20. e5 g5 21. Kh2 gxf4 22.
gxf4 Bh6 23. Rg1+ Kh8 24. Raf1 Bc6 25. f5 Bxe3 26. Qxe3 exf5 27. e6 Qf6 28. Bh5
Ng7 29. Bf7 Nxe6 30. Qxe6 Qxf7 31. Qxd6 Rbd8 32. Qe5+ Qf6 33. Qxc5 Rd2+ 34. Rf2
Rxf2+ 35. Qxf2 Qe5+ 36. Qg3 f4 37. Qg5 Qd4 38. Nd5 Bxd5 39. Qxd5 Qxb2+ 40. Rg2
Qf6 41. Qf3 Qd4 42. Qd5 Qxd5 43. cxd5 Rd8 44. Rd2 Kg7 45. Kg2 Kf6 46. Kf3 Ke5
47. Re2+ Kf5 48. Rd2 Rd6 49. h4 Ke5 50. Re2+ Kxd5 51. Kxf4 b5 52. axb6 Rxb6 53.
Ra2 Rf6+ 54. Kg5 Rg6+ 55. Kf5 Kc5 56. h5 Rd6 57. Ra1 Kb6 58. Rb1+ Ka7 59. Re1 1/2-1/2

[Event "40th Olympiad Open"]
[Site "Istanbul TUR"]
[Date "2012.09.09"]
[Round "11.66"]
[Board "3"]
[White "Wojciechowski, Paul"]
[Black "Li, Hui"]
[Result "0-1"]
[WhiteElo "2068"]
[BlackElo "1958"]
[WhiteTeam "Jersey"]
[BlackTeam "Macau"]
[WhiteFideId "15600017"]
[BlackFideId "15400310"]
[EventDate "2012.08.28"]

1. e4 c5 2. Nf3 d6 3. d4 Nf6 4. Nc3 cxd4 5. Nxd4 a6 6. Be3 e6 7. f3 Be7 8. Qd2
Nc6 9. O-O-O O-O 10. g4 Nxd4 11. Bxd4 b5 12. g5 Nd7 13. h4 b4 14. Ne2 a5 15. Ng3
Bb7 16. Kb1 d5 17. f4 dxe4 18. Bxg7 Kxg7 19. Qxd7 Qxd7 20. Rxd7 Rad8 21. Rxd8
Rxd8 22. Bg2 Rd2 23. Bxe4 Bxe4 24. Nxe4 Re2 25. Ng3 Rg2 26. Ne4 Rg4 27. Rf1 Rxh4
28. c3 bxc3 29. Nxc3 Bd6 30. f5 Rf4 31. f6+ Kg6 32. Rh1 Kxg5 33. Rxh7 Kxf6 34.
Rh5 Be5 35. Kc2 Bxc3 36. Kxc3 a4 37. b3 axb3 38. axb3 Ke7 39. Ra5 Kd6 40. b4 Kc6
41. Rc5+ Kd6 42. Ra5 Re4 43. Ra6+ Kd5 44. Ra5+ Kc6 45. Ra8 f5 46. Rc8+ Kb6 47.
Rb8+ Kc7 48. Re8 Kd7 49. Rb8 e5 50. Rf8 f4 51. Rf7+ Kd6 52. Rf8 Re3+ 53. Kc4 f3
54. b5 e4 55. Rf6+ Ke5 56. b6 Kxf6 57. b7 f2 58. Kd4 0-1

[Event "40th Olympiad Open"]
[Site "Istanbul TUR"]
[Date "2012.09.09"]
[Round "11.67"]
[Board "1"]
[White "Sanon, Mondoly"]
[Black "Kirby, Peter J."]
[Result "1/2-1/2"]
[BlackTitle "CM"]
[WhiteElo "2088"]
[BlackElo "2007"]
[WhiteTeam "Haiti"]
[BlackTeam "Guernsey"]
[WhiteFideId "11900059"]
[BlackFideId "409014"]
[EventDate "2012.08.28"]

1. e4 c5 2. Nf3 Nc6 3. d4 cxd4 4. Nxd4 g6 5. c3 Bg7 6. Be3 d6 7. Bc4 Nf6 8. f3
O-O 9. Nd2 d5 10. exd5 Nxd5 11. Bxd5 Qxd5 12. Nxc6 Qxc6 13. O-O Rd8 14. Qc1 b6
15. Nb3 e5 16. Bh6 Ba6 17. Re1 Bf6 18. Nd2 Rd3 19. Ne4 Bg7 20. Qg5 f6 21. Qh4
Rad8 22. Bxg7 Kxg7 23. Qg3 Bc8 24. Qf2 Bf5 25. Ng3 Be6 26. a3 Rd2 27. Re2 Rxe2
28. Qxe2 Qc5+ 29. Kh1 Bc4 30. Qe1 Qd5 31. h3 f5 32. Kh2 Kf6 33. Nf1 Bxf1 34.
Qxf1 Qd2 35. Qb5 Qd5 36. Qa4 Rd7 37. Re1 h6 38. Qh4+ Kg7 39. Qb4 Kf7 40. Qh4 Kg7
41. Qb4 Kf7 1/2-1/2

[Event "40th Olympiad Open"]
[Site "Istanbul TUR"]
[Date "2012.09.09"]
[Round "11.67"]
[Board "2"]
[White "Rowe, Peter"]
[Black "Lebrun, Piersont"]
[Result "1/2-1/2"]
[WhiteTitle "CM"]
[BlackTitle "CM"]
[WhiteElo "1987"]
[BlackElo "1973"]
[WhiteTeam "Guernsey"]
[BlackTeam "Haiti"]
[WhiteFideId "10700099"]
[BlackFideId "11900083"]
[EventDate "2012.08.28"]

1. d4 Nf6 2. Nf3 e6 3. Bf4 c5 4. e3 cxd4 5. exd4 Qb6 6. Qc1 Nc6 7. c3 d6 8. Na3
Bd7 9. Be2 Be7 10. O-O a6 11. Nc4 Qc7 12. a4 Na5 13. Nfd2 Rc8 14. Nxa5 Qxa5 15.
Nc4 Qc7 16. Qd2 O-O 17. a5 Nd5 18. Bg3 f5 19. Bf4 Bb5 20. Nb6 Nxb6 21. Bxb5 axb5
22. axb6 Qxb6 23. Rfe1 d5 24. Re2 b4 25. Rae1 Rc6 26. Bg5 bxc3 27. bxc3 Bxg5 28.
Qxg5 h6 29. Qe7 Rf6 30. g3 Qa6 31. Rb2 b5 32. Reb1 Rxc3 33. Rxb5 Rc1+ 34. Rxc1
Qxb5 35. Rc7 Qb1+ 36. Kg2 Qe4+ 37. Kg1 Qe1+ 38. Kg2 Qe4+ 39. Kg1 Qg4 40. h3 Qg6
41. Rc8+ Kh7 42. Qd8 Qf7 43. f4 Qa7 44. Qg8+ Kg6 45. Qe8+ Kh7 46. Qg8+ Kg6 47.
Qe8+ Qf7 48. Qd8 Kh5 49. Rc7 Qf8 50. Qxf8 Rxf8 51. Rxg7 Ra8 52. Re7 Ra6 53. Kf2
Kg6 54. g4 Kf6 55. Rh7 Kg6 56. Re7 1/2-1/2

[Event "40th Olympiad Open"]
[Site "Istanbul TUR"]
[Date "2012.09.09"]
[Round "11.67"]
[Board "3"]
[White "Luxama, Jacques"]
[Black "Brookfield, Toby"]
[Result "0-1"]
[BlackTitle "CM"]
[WhiteElo "1964"]
[BlackElo "1823"]
[WhiteTeam "Haiti"]
[BlackTeam "Guernsey"]
[WhiteFideId "11900113"]
[BlackFideId "10700234"]
[EventDate "2012.08.28"]

1. e4 c5 2. Nf3 d6 3. d4 cxd4 4. Nxd4 Nf6 5. Nc3 g6 6. Be3 Bg7 7. f3 Nc6 8. Bc4
O-O 9. Qd2 Bd7 10. h4 Qa5 11. a3 Ne5 12. Be2 Rfc8 13. O-O-O Nc4 14. Bxc4 Rxc4
15. Nb3 Qc7 16. h5 Rxc3 17. Qxc3 Qxc3 18. bxc3 Nxh5 19. Bd4 Nf6 20. g4 h6 21.
Be3 g5 22. Bd4 a5 23. Kb2 a4 24. Nc1 Rc8 25. Nd3 Bb5 26. Rd2 Bc4 27. Nb4 e6 28.
Rdh2 e5 29. Bb6 d5 30. exd5 Nxd5 31. Nxd5 Bxd5 32. Rf1 Rc6 33. Ba5 Rf6 34. Rhf2
Rf4 35. Kc1 Bc4 36. Re1 Bd5 37. Ref1 Bc4 38. Re1 Bd5 39. Re3 Be6 40. Rd2 Rc4 41.
Rd8+ Kh7 42. Bb4 e4 43. Rxe4 Rxe4 44. fxe4 Be5 45. Bd6 Bxc3 46. Rb8 b5 47. Rxb5
Bxg4 48. Be5 Be1 49. Bd4 Kg6 50. Rb6+ Kh7 51. Rf6 Be6 52. Kd1 Bh4 53. Be3 Bg3
54. Ke2 Be5 55. Rxe6 fxe6 56. c4 Bc7 57. Kf3 Kg6 58. Bd4 h5 59. c5 g4+ 60. Kg2
h4 61. e5 Kf5 62. Bf2 h3+ 63. Kh2 Bxe5+ 64. Bg3 Bxg3+ 65. Kxg3 Ke5 0-1

[Event "40th Olympiad Open"]
[Site "Istanbul TUR"]
[Date "2012.09.09"]
[Round "11.67"]
[Board "4"]
[White "Knight, Timothy"]
[Black "Bazil, Joslin"]
[Result "0-1"]
[WhiteElo "1801"]
[BlackElo "1812"]
[WhiteTeam "Guernsey"]
[BlackTeam "Haiti"]
[WhiteFideId "10700064"]
[BlackFideId "11900032"]
[EventDate "2012.08.28"]

1. e4 c5 2. Nf3 e6 3. d3 d6 4. g3 Nf6 5. Bg2 Nc6 6. O-O Be7 7. Nc3 O-O 8. h3 a6
9. a4 Qc7 10. Re1 Rb8 11. Ne2 b5 12. axb5 axb5 13. d4 Rd8 14. d5 exd5 15. exd5
Nb4 16. Nc3 Bf5 17. Re2 h6 18. b3 Bf8 19. Bb2 Qb6 20. Ne1 Re8 21. Nd3 Bxd3 22.
cxd3 Rxe2 23. Qxe2 Re8 24. Qd2 Rc8 25. Qe2 Na6 26. Qe3 Re8 27. Qd2 Rc8 28. Qe3
Nc7 29. Qd2 Qb7 30. Ra5 b4 31. Ne2 Qb6 32. Ra1 Nfxd5 33. d4 Rd8 34. Nf4 Nxf4 35.
Qxf4 Ne6 36. Qh4 d5 37. Qh5 g6 38. Qh4 g5 39. Qg4 Ng7 40. Qe2 Qe6 41. Qb5 c4 42.
bxc4 dxc4 43. d5 Qe2 44. Bf6 Rc8 45. Qb7 Qe8 46. Rd1 c3 47. Bf3 c2 0-1

[Event "40th Olympiad Open"]
[Site "Istanbul TUR"]
[Date "2012.09.09"]
[Round "11.69"]
[Board "1"]
[White "Liu, Yeh Yang"]
[Black "Al-Hageri, Badr"]
[Result "1-0"]
[WhiteElo "1883"]
[BlackElo "2072"]
[WhiteTeam "Chinese Taipei"]
[BlackTeam "Kuwait"]
[WhiteFideId "16300416"]
[BlackFideId "10300163"]
[EventDate "2012.08.28"]

1. e4 e5 2. Nf3 f5 3. Nxe5 Qf6 4. d4 d6 5. Nc4 fxe4 6. Nc3 Qg6 7. f3 exf3 8.
Qxf3 Nf6 9. Bd3 Qg4 10. O-O Qxf3 11. Rxf3 Be7 12. Bg5 O-O 13. Re1 Bd8 14. Nb5
Nbd7 15. Ne3 Nb6 16. Bxf6 Rxf6 17. Rxf6 gxf6 18. Nf5 Bd7 19. Nc3 Kf8 20. Re3 Nc4
21. Rh3 Nxb2 22. Be4 Kg8 23. Rg3+ Kf8 24. Nh6 Be6 25. Bd5 Bxd5 26. Nxd5 Ke8 27.
Rg7 c6 28. Nf4 Rc8 29. Nf5 Nc4 30. Ne6 Rb8 31. Rxh7 a6 32. h4 1-0

[Event "40th Olympiad Open"]
[Site "Istanbul TUR"]
[Date "2012.09.09"]
[Round "11.70"]
[Board "1"]
[White "Pace, Colin"]
[Black "Croes, Octavio"]
[Result "1/2-1/2"]
[WhiteTitle "CM"]
[BlackTitle "CM"]
[WhiteElo "2136"]
[BlackElo "1915"]
[WhiteTeam "Malta"]
[BlackTeam "Aruba"]
[WhiteFideId "5600189"]
[BlackFideId "1007220"]
[EventDate "2012.08.28"]

1. e4 c5 2. Nf3 d6 3. d4 cxd4 4. Nxd4 Nf6 5. Nc3 a6 6. Be2 e6 7. O-O Be7 8. Kh1
O-O 9. f4 Nbd7 10. Qe1 Qc7 11. Bf3 Rb8 12. a4 b6 13. e5 dxe5 14. Nc6 Bd6 15.
Nxb8 Nxb8 16. fxe5 Bxe5 17. g3 Nc6 18. Ne2 Nd5 19. c3 Bb7 20. Bg2 Na5 21. Rb1
Nb3 22. Bf4 Nxf4 23. Nxf4 Nc5 24. Bxb7 Qxb7+ 25. Kg1 Bxf4 26. Rxf4 Qc6 27. Qd1
Ne4 28. Qd4 f5 29. Re1 g5 30. Rff1 g4 31. Qe3 Qxa4 32. Qxb6 Ng5 33. Re2 Qc4 34.
Qe3 Nh3+ 35. Kh1 Qd5+ 36. Rg2 Rd8 37. Re1 e5 38. c4 Qc6 39. b3 Rd3 40. Qxe5 Nf2+
41. Kg1 Nh3+ 42. Kh1 Nf2+ 43. Kg1 Nh3+ 1/2-1/2

[Event "40th Olympiad Open"]
[Site "Istanbul TUR"]
[Date "2012.09.09"]
[Round "11.70"]
[Board "2"]
[White "Pesqueira, Jose"]
[Black "Zerafa, Robert"]
[Result "0-1"]
[WhiteElo "1986"]
[BlackElo "2068"]
[WhiteTeam "Aruba"]
[BlackTeam "Malta"]
[WhiteFideId "15900037"]
[BlackFideId "5600618"]
[EventDate "2012.08.28"]

1. d4 Nf6 2. c4 g6 3. Nc3 d5 4. cxd5 Nxd5 5. Bd2 Bg7 6. e4 Nb6 7. Be3 Nc6 8. Nf3
O-O 9. Be2 Bg4 10. d5 Bxf3 11. gxf3 Na5 12. Bd4 Bxd4 13. Qxd4 Nc6 14. Qe3 Nb8
15. h4 Re8 16. h5 N8d7 17. hxg6 fxg6 18. O-O-O e5 19. dxe6 Rxe6 20. f4 Qe7 21.
Kb1 c6 22. Rdg1 Nd5 23. Nxd5 cxd5 24. Qd4 Qc5 25. Qxc5 Nxc5 26. f3 Kh8 27. Rd1
dxe4 28. Bc4 Re7 29. b4 Na4 30. Rde1 Rc8 31. Bb3 Nc3+ 32. Kb2 e3 33. Bc2 Nd5 34.
Be4 Nxf4 35. Rxe3 Kg7 36. Rc3 Rxc3 37. Kxc3 Ne2+ 38. Kd3 Ng3 39. Re1 h5 40. Ke3
g5 41. Kf2 h4 42. a3 Kf6 43. Bd3 Rxe1 44. Kxe1 h3 45. Bf1 h2 0-1

[Event "40th Olympiad Open"]
[Site "Istanbul TUR"]
[Date "2012.09.09"]
[Round "11.70"]
[Board "3"]
[White "Zerafa, Patrick"]
[Black "De Mey, Juan Pablo"]
[Result "0-1"]
[WhiteTitle "CM"]
[WhiteElo "2089"]
[BlackElo "1882"]
[WhiteTeam "Malta"]
[BlackTeam "Aruba"]
[WhiteFideId "5600375"]
[BlackFideId "15900312"]
[EventDate "2012.08.28"]

1. d4 Nf6 2. Nf3 e6 3. g3 c5 4. Bg2 a6 5. O-O g6 6. c4 cxd4 7. Qxd4 Bg7 8. Qc5
d6 9. Qa3 O-O 10. Rd1 Qc7 11. Nbd2 Bd7 12. b3 Nc6 13. Nf1 b5 14. Bf4 e5 15. Bg5
Ne4 16. Be3 b4 17. Qb2 Nc3 18. Rd2 h6 19. Re1 Rae8 20. Qc1 Kh7 21. a3 a5 22. Kh1
Bf5 23. axb4 axb4 24. Nh4 Be6 25. Bd5 f5 26. f3 Bxd5 27. cxd5 Ne7 28. Bg1 g5 29.
Ng2 f4 30. Qc2+ Kh8 31. e3 Ra8 32. gxf4 exf4 33. e4 Ra2 34. Qd3 Rfa8 35. Bd4 Ng6
36. Bxg7+ Qxg7 37. Rxa2 Rxa2 38. Qc4 g4 39. Qc8+ Kh7 40. Qxg4 Rb2 41. Qf5 Kh8
42. Ra1 Na2 43. Rd1 Rxg2 44. Qc8+ Nf8 45. Ng3 Rxh2+ 46. Kxh2 Qxg3+ 47. Kh1 Qxf3+
48. Kh2 Qf2+ 49. Kh1 Qh4+ 50. Kg2 Qe7 51. Kf3 Nc3 52. Rd4 Qf7 53. Rxb4 Qh5+ 54.
Qg4 Qxg4+ 55. Kxg4 Ng6 56. Rb7 Nxe4 57. Kf5 Nc5 58. Rf7 Ne5 59. Rf6 f3 60. Rxh6+
Kg7 61. Rh1 Nxb3 62. Ke6 Nc4 63. Kf5 f2 0-1

[Event "40th Olympiad Open"]
[Site "Istanbul TUR"]
[Date "2012.09.09"]
[Round "11.71"]
[Board "3"]
[White "Lima, Osvaldo Dos Santos"]
[Black "Jones, Rupert"]
[Result "1/2-1/2"]
[BlackTitle "FM"]
[WhiteElo "1719"]
[BlackElo "1941"]
[WhiteTeam "Sao Tome And Principe"]
[BlackTeam "Papua New Guinea"]
[WhiteFideId "14306352"]
[BlackFideId "9100121"]
[EventDate "2012.08.28"]

1. c4 e5 2. Nc3 Nc6 3. e3 g6 4. d4 d6 5. Nf3 Bg7 6. Be2 Nge7 7. d5 Nb8 8. e4 Nd7
9. Bg5 a5 10. Qd2 Nc5 11. O-O O-O 12. Bh6 f5 13. Bxg7 Kxg7 14. exf5 Nxf5 15. Ne1
Nd4 16. Bd1 Qh4 17. g3 Qf6 18. f4 Bh3 19. Rf2 e4 20. Ng2 Rae8 21. Be2 Nxe2+ 22.
Rxe2 Bg4 23. Re3 Re7 24. Rf1 Rfe8 25. Rb1 b6 26. Rf1 Kg8 27. Rb1 Kg7 28. Rf1 Kg8
29. Rb1 Kg7 30. Rf1 Kg8 1/2-1/2

[Event "40th Olympiad Open"]
[Site "Istanbul TUR"]
[Date "2012.09.09"]
[Round "11.72"]
[Board "2"]
[White "Ozenir, Ekin Baris"]
[Black "Mueller, Leonhard"]
[Result "0-1"]
[BlackTitle "FM"]
[WhiteElo "1542"]
[BlackElo "2166"]
[WhiteTeam "Turkey 2023"]
[BlackTeam "Namibia"]
[WhiteFideId "6357415"]
[BlackFideId "15200019"]
[EventDate "2012.08.28"]

1. d4 g6 2. c4 Bg7 3. Nc3 Nf6 4. e4 d6 5. Nf3 O-O 6. h3 Nbd7 7. Bg5 e5 8. d5 a5
9. g4 Nc5 10. Nd2 c6 11. Qc2 Bd7 12. dxc6 bxc6 13. O-O-O Qc7 14. Be2 Ne6 15. Nf3
Nxg5 16. Nxg5 Bh6 17. Qd2 d5 18. cxd5 cxd5 19. Kb1 d4 20. Nd5 Nxd5 21. exd5 f6
22. d6 Qxd6 23. Bc4+ Kg7 24. Ne4 Bxd2 25. Nxd6 Bb4 26. Ne4 Rac8 27. b3 a4 28. f4
axb3 29. axb3 Bc6 30. Bd3 Bd5 31. Kb2 Bc3+ 32. Kc2 Ra8 33. Rb1 Ra2+ 34. Kd1 exf4
35. Rf1 g5 36. b4 Re8 37. Nd6 Rea8 38. Nf5+ Kh8 39. Bc2 d3 0-1

[Event "40th Olympiad Open"]
[Site "Istanbul TUR"]
[Date "2012.09.09"]
[Round "11.73"]
[Board "1"]
[White "Bacchas, Clevert"]
[Black "Massana, Jorge"]
[Result "1/2-1/2"]
[WhiteElo "1944"]
[BlackElo "2186"]
[WhiteTeam "Bermuda"]
[BlackTeam "Us Virgin Islands"]
[WhiteFideId "8800758"]
[BlackFideId "3100073"]
[EventDate "2012.08.28"]

1. d4 Nf6 2. c4 e5 3. dxe5 Ng4 4. Nc3 Bb4 5. Bd2 O-O 6. e3 Nxe5 7. Nf3 Re8 8. a3
Bf8 9. Nxe5 Rxe5 10. g3 Nc6 11. Bg2 d6 12. O-O Bd7 13. Nd5 Re8 14. Bc3 Ne5 15.
b3 c6 16. Nf4 Qe7 17. Qc2 Rad8 18. Rad1 Bc8 19. Bd4 Qc7 20. a4 a5 21. Qb2 Ng6
22. Nxg6 hxg6 23. h4 Be6 24. e4 f6 25. f4 d5 26. Qf2 c5 27. exd5 Bg4 28. Be3
Bxd1 29. Rxd1 Bd6 30. Bh3 f5 31. h5 Qe7 32. Re1 b6 33. hxg6 Qf6 34. Qc2 Qxg6 35.
Kf2 Rf8 36. Bc1 Qh5 37. Bg2 Rde8 38. Be3 Re7 39. Qd1 Qxd1 40. Rxd1 Rfe8 41. Re1
Kf7 42. Bf3 Rh8 43. Rh1 Rxh1 44. Bxh1 g6 45. Bf3 1/2-1/2

[Event "40th Olympiad Open"]
[Site "Istanbul TUR"]
[Date "2012.09.09"]
[Round "11.73"]
[Board "4"]
[White "Creswell, Reece"]
[Black "Radford, Michael"]
[Result "1-0"]
[WhiteElo "1765"]
[BlackElo "1848"]
[WhiteTeam "Us Virgin Islands"]
[BlackTeam "Bermuda"]
[WhiteFideId "6800262"]
[BlackFideId "8800421"]
[EventDate "2012.08.28"]

1. e4 e6 2. d4 d5 3. Nc3 Bb4 4. e5 Ne7 5. a3 Bxc3+ 6. bxc3 c5 7. Nf3 b6 8. Bd3
Ba6 9. O-O Bxd3 10. cxd3 O-O 11. Bf4 Ng6 12. Bg3 Qe7 13. h4 Rc8 14. h5 Nf8 15.
Bh4 Qc7 16. Qd2 Nbd7 17. Rfe1 h6 18. Nh2 f5 19. exf6 Nxf6 20. Bxf6 gxf6 21. Qxh6
Qg7 22. Qxg7+ Kxg7 23. Re3 cxd4 24. cxd4 Rc6 25. Rg3+ Kh8 26. Ng4 f5 27. Ne5 Rc7
28. Ng6+ Kg7 29. Re1 Rc6 30. Ne5+ 1-0

[Event "40th Olympiad Open"]
[Site "Istanbul TUR"]
[Date "2012.09.09"]
[Round "11.74"]
[Board "3"]
[White "Volpinari, Danilo"]
[Black "Garcia, Bernardo"]
[Result "1-0"]
[WhiteTitle "CM"]
[WhiteElo "2025"]
[BlackElo "1663"]
[WhiteTeam "San Marino"]
[BlackTeam "Palau"]
[WhiteFideId "11800054"]
[BlackFideId "16600096"]
[EventDate "2012.08.28"]

1. e4 c5 2. Nc3 d6 3. f4 e6 4. Nf3 Ne7 5. Bb5+ Bd7 6. Bxd7+ Qxd7 7. d3 b5 8. O-O
g6 9. Qe1 b4 10. Ne2 Bg7 11. Qh4 Nbc6 12. Rb1 a5 13. f5 gxf5 14. Bh6 Ng6 15. Qh5
Bxh6 16. Qxh6 O-O-O 17. exf5 exf5 18. Rbe1 Rde8 19. Nf4 Nce5 20. Nd5 Nxf3+ 21.
gxf3 Qc6 22. Ne3 f4 23. Qh3+ Kc7 24. Nc4 Rhg8 25. Kf2 Ne5 26. Nd2 Qd5 27. Re4 f5
28. Rxf4 Qxd3 29. Qxh7+ Kb8 30. Rd1 Ng4+ 31. fxg4 Re2+ 32. Kg1 Qe3+ 33. Kh1 Re8
34. Qxf5 Rxd2 35. Rxd2 Qe1+ 36. Kg2 Qxd2+ 37. Rf2 Qd4 38. b3 Qb2 39. Qd7 Qe5 40.
Qb5+ Kc8 41. Qc6+ Kb8 42. Qb5+ Kc8 43. Qc4 Rh8 44. h3 Re8 45. Rf7 Qe2+ 46. Qxe2
Rxe2+ 47. Rf2 Re1 48. h4 Ra1 49. g5 Rxa2 50. g6 1-0